| 000 | 00455nam a2200193Ia 4500 | ||
|---|---|---|---|
| 005 | 20260328150002.0 | ||
| 008 | 220531s9999 xx 000 0 und d | ||
| 041 | _aeng | ||
| 082 | _bKOT | ||
| 100 |
_aKotibhaskar /. Shah _9217413 |
||
| 245 | _aAdvanced Accountancy. | ||
| 250 | _a1ST | ||
| 260 |
_bSuvichar _c1992 |
||
| 300 | _a425 | ||
| 542 | _d09-10-1994 | ||
| 650 |
_aAccountancy _9217414 |
||
| 906 |
_d1994-1995 _d2015-2016 _f4025 |
||
| 942 | _cBK | ||
| 999 |
_c20736 _d20736 |
||